saddest songs - Statistics

General Stats
  • This quiz has been taken 14 times
  • The average score is 9 of 93
Answer Stats
Hint Answer % Correct
the cranberries zombie
50%
simon and garfunkel bridge over troubled water
33%
bruno mars grenade
33%
the beatles hey jude
33%
heart Alone
25%
queen bohemian rhapsody
25%
radiohead creep
25%
stone temple pilots creep
25%
fleetwood mac landslide
25%
celine dion my heart will go on
25%
ben e king stand by me
25%
eric clapton tears in heaven
25%
simon and garfunkel the boxer
25%
bette midler the rose
25%
bonnie tyler total eclipse of the heart
25%
gerry rafferty baker street
17%
pearl jam black
17%
adele hello
17%
foreigner I want to know what love is
17%
moody blues nights in white satin
17%
metallica nothing else matters
17%
alice in chains nutshell
17%
journey open arms
17%
prince purple rain
17%
fleetwood mac silver springs
17%
adele someone like you
17%
simon and garfunkel sound of silence
17%
reo speedwagon Take it on the run
17%
bruno mars talking to the moon
17%
christina perri a thousand years
8%
the who Behind blue eyes
8%
limp bizkit Behind blue eyes
8%
fergie big girls don't cry
8%
seether broken
8%
nazareth dream on
8%
metallica fade to black
8%
neil young heart of gold
8%
crosby stills and nash helpless
8%
crosby stills and nash helplessly hoping
8%
bee gees how deep is your love
8%
nickelback how you remind me
8%
the beatles in my life
8%
guns n roses knockin on heavens door
8%
queen Love of my life
8%
guns n roses patience
8%
alice in chains rooster
8%
cheap trick the flame
8%
metallica the unforgiven
8%
reo speedwagon time for me to fly
8%
metallica turn the page
8%
bob seger turn the page
8%
pink floyd wish you were here
8%
def leppard bringin on the heartbreak
0%
black sabbath changes
0%
ozzy osbourne and lita ford close my eyes forever
0%
bruno mars die with a smile
0%
alice in chains down in a hole
0%
ozzy osbourne dreamer
0%
tenacious d dude (I totally miss you)
0%
poison every rose has its thorn
0%
james taylor fire and rain
0%
chicago hard to say im sorry
0%
the hollies He aint heavy hes my brother
0%
whitesnake here i go again
0%
d4vd here with me
0%
jimi hendrix hey joe
0%
motley crue home sweet home
0%
audioslave I am the highway
0%
phil collins i dont care anymore
0%
chicago if you leave me now
0%
black label society in this river
0%
tom petty learning to fly
0%
the beatles let it be
0%
tom petty mary janes last dance
0%
james blunt monsters
0%
creed my own prision
0%
creed one last breath
0%
reo speedwagon One lonely night
0%
jim croce operator (thats not the way it feels)
0%
bad company Seagull
0%
journey separate ways (worlds apart)
0%
black label society set you free
0%
paul simon slip slidin away
0%
elvis presley suspicious minds
0%
crosby stills and nash teach your children
0%
dixie chicks travelin soldier
0%
bruce robinson travelin soldier
0%
lynyrd skynyrd Tuesdays gone
0%
stephan sanchez until I found you
0%
bob seger weve got tonight
0%
bruno mars when i was your man
0%
scorpions wind of change
0%
creed with arms wide open
0%
No matching quizzes found
Score Distribution
Percent of People with Each Score
Percentile by Number Answered
Your Score History
You have not taken this quiz